000 00510nam a22001937a 4500
003 KOHA_MİRAKIL
005 20251114121417.0
008 251114b tu ||||| |||| 00| 0 tur d
020 _a9786258495409
040 _aTR-AnABB
_btur
_cTR-AnABB
041 _atur
082 _a813.42
_bGUN 2022
100 1 _aGünday, Hakan,
245 1 0 _aAzil /
_cHakan Günday
260 _aİstanbul :
_bDoğan Kitap,
_c2022
300 _a215 sayfa ;
_c15 cm
650 0 4 _aTürk edebiyatı, roman
942 _2ddc
_cBK
999 _c9386
_d9386
900 _bGizem YORULMAZ